| 000 | 01009nam a22002057a 4500 | ||
|---|---|---|---|
| 008 | 120327s2011 ua|||||r|||| 00| 0 ara d | ||
| 020 | _a9789770930717 | ||
| 082 |
_222 _a305.962 _bم هـ د |
||
| 100 |
_929486 _aالمهدي، محمد. |
||
| 245 |
_aعبقرية الثورة المصرية : _bتحليل نفسي و اجتماعي لأحوال المصريين قبل و بعد 25 يناير / _cمحمد المهدي. |
||
| 250 | _aط. 1. | ||
| 260 |
_aالقاهرة : _bدار الشروق، _c2011. |
||
| 300 |
_a474 ص. ؛ _c24 سم. |
||
| 651 |
_928142 _aمصر _xالاحوال الاجتماعية _yالعصر الحديث|ثورة 25 يناير 2011 |
||
| 651 |
_913710 _aمصر _xالأحوال الاجتماعية |
||
| 651 |
_926463 _aمصر _xالأحوال السياسية |
||
| 653 |
_bAra _cMarch2012 |
||
| 942 |
_2ddc _cBB |
||
| 999 |
_c16612 _d16612 |
||